000 01750nam a2200277Ia 4500
999 _c55479
_d55479
001 22561
003 GE_BSU
005 20220920123843.0
008 181216s2009||||ge |||||||||||||| ||geo||
040 _cGE_BSU
041 _ageo
080 _a81,25 მ-14
100 _aმაზმიშვილი, ნანა
_910691
245 _aტრანსლატების ვერიფიკაცია კომუნიკაციურ სიტუაციაში :
_bდისერტაცია ფილოლ. დოქტ. აკად. ხარის. /
_cნანა მაზმიშვილი ; სამეცნ. ხელმძღვ. კომახიძე რ. ; შ. რუსთაველის სახ. სახელმწ. უნ-ტი, ჰუმან. მეცნ. ფაკ-ტი, სლავისტ. დეპარტამენტი.
264 _aბათუმი,
_c2009.
300 _a130 გვ. ;
_b30 სმ.
504 _aბიბლიოგრ.: გვ. 127-130
653 _aტრანსლატემის ვერიფიკაცია კომუნიკაციურ სიტუაცია
653 _aფილოლოგია
653 _aდისერტაცია
653 _aტექსტის ლინგვისტიკა
653 _a თარგმნის თეორია
700 _aკომახიძე, რ.
_eსამეცნ. ხელმძღვანელი
_910692
710 _aბათუმის შოთა რუსთაველის სახ-ფო უნ-ტი.
_bჰუმანიტარულ მეცნიერებათა ფაკ-ტი.
_910693
942 _cBK
_2udc